عرض عادي
عرض مارك
- Blomquist, Preston H.
مدخل إسم شخص
001 - رقم الضبط
- حقل الضبط: 64072
003 - معرف رقم الضبط
- حقل الضبط: OSt
005 - تاريخ ووقت أخر عملية
- حقل الضبط: 20180815142134.0
008 - عناصر بيانات ثابتة الطول
- حقل تحكم ثابت الطول: 180815|| aca||aabn | a|a d
040 ## - مصدر الفهرسة
- هيئة الفهرسة الأصلية: OSt
- وكالة الكتابة: OSt
100 ## - مدخل -- أسم شخص
- إسم شخص: Blomquist, Preston H.
670 ## - بيانات المصدر موجوده
- الاستشهاد بالمصدر: Work cat.: (OSt)0: Practical ophthalmology :, 2015.
